[Event "Elit(Eksjo-LASK)"]
[Site "?"]
[Date "2024.01.21"]
[Round "6"]
[White "Gdanski, Jacek"]
[Black "Storme, Isak"]
[Result "1/2-1/2"]
[WhiteElo "2490"]
[BlackElo "2443"]
[PlyCount "72"]
[SourceVersionDate "2024.01.28"]

1. e4 e5 2. Nf3 Nc6 3. Bb5 a6 4. Ba4 Nf6 5. O-O Be7 6. Re1 b5 7. Bb3 O-O 8. a4
b4 9. d3 d6 10. Nbd2 Na5 11. Ba2 c5 12. c3 Nc6 13. h3 Be6 14. Bxe6 fxe6 15. Nc4
Rb8 16. a5 Rb5 17. Ng5 Qd7 18. Nb6 Qb7 19. Nxe6 Rb8 20. Nd5 bxc3 21. bxc3 Rxa5
22. Rxa5 Nxa5 23. Nec7 Nc6 24. Be3 Nxd5 25. Nxd5 Bf8 26. Qa4 Ne7 27. Nxe7+ Bxe7
28. Ra1 Qb5 29. Qxa6 Qxa6 30. Rxa6 Rb3 31. Bd2 Rb1+ 32. Kh2 Rb2 33. Be3 Rb3 34.
Bd2 Rb2 35. Be3 Rb3 36. Bd2 Rb2 1/2-1/2

[Event "Elit(Vasteras-Rockaden, Sthlm)"]
[Site "?"]
[Date "2024.01.21"]
[Round "6"]
[White "Bergstrom, Peter"]
[Black "Seo, Jung Min"]
[Result "1/2-1/2"]
[WhiteElo "2311"]
[BlackElo "2481"]
[PlyCount "89"]

1. e4 d6 2. d4 Nf6 3. Nc3 Nc6 4. Nf3 g6 5. h3 Bg7 6. Be3 O-O 7. Qd2 a6 8. a4 b6
9. Bc4 e6 10. O-O Bb7 11. Rfe1 d5 12. Bd3 dxe4 13. Nxe4 Ne7 14. Bg5 Bxe4 15.
Bxe4 Nxe4 16. Rxe4 Qd5 17. Bxe7 Qxe4 18. Bxf8 Rxf8 19. Ra3 Rd8 20. Rd3 h6 21.
b3 Rd7 22. Qe3 Qd5 23. Ne5 Rd8 24. Qf3 Qxf3 25. Nxf3 Kf8 26. Kf1 Ke7 27. Ke2 h5
28. Ne5 Bxe5 29. dxe5 Rd5 30. f4 Rc5 31. c4 g5 32. g3 h4 33. Re3 gxf4 34. gxf4
b5 35. axb5 axb5 36. cxb5 Rxb5 37. Kf3 f6 38. exf6+ Kxf6 39. Kg4 Rb4 40. Rc3 c6
41. Rxc6 Rxb3 42. Rc5 Rb4 43. Rh5 Kg6 44. Rg5+ Kf6 45. Rh5 1/2-1/2

[Event "Elit(Eksjo-LASK)"]
[Site "?"]
[Date "2024.01.21"]
[Round "6"]
[White "Dragicevic, Drazen"]
[Black "Krantz, Christopher"]
[Result "1/2-1/2"]
[WhiteElo "2322"]
[BlackElo "2257"]
[PlyCount "87"]
[SourceVersionDate "2024.01.28"]

1. Nf3 g6 2. d4 Bg7 3. g3 d6 4. Bg2 Nc6 5. O-O Bd7 6. c4 Qc8 7. d5 Ne5 8. Nxe5
Bxe5 9. Nd2 Bh3 10. Nf3 Bg7 11. Qc2 Bxg2 12. Kxg2 Nf6 13. Rd1 c6 14. Qa4 Nd7
15. Nd4 c5 16. Nf3 O-O 17. h4 h5 18. Rb1 a6 19. Bg5 Re8 20. a3 Rb8 21. Qc2 b5
22. b3 Qc7 23. Bd2 Rb7 24. Ng5 bxc4 25. bxc4 Reb8 26. g4 Nf6 27. gxh5 Nxh5 28.
f3 Qd7 29. Rxb7 Qxb7 30. Qe4 Qd7 31. Rb1 Rxb1 32. Qxb1 Bf6 33. Qb3 Qf5 34. Qb8+
Kg7 35. Qe8 Bxg5 36. Bxg5 e5 37. Bh6+ Kh7 38. Bg5 Nf4+ 39. Bxf4 Qxf4 40. Qe7
Qxc4 41. Qxf7+ Kh6 42. Qf8+ Kh7 43. Qf7+ Kh6 44. Qf8+ 1/2-1/2

[Event "Elit(Vasteras-Rockaden, Sthlm)"]
[Site "?"]
[Date "2024.01.21"]
[Round "6"]
[White "Barkhagen, Jonas"]
[Black "Norberg, Johan"]
[Result "0-1"]
[WhiteElo "2419"]
[BlackElo "2263"]
[PlyCount "58"]

1. d4 d6 2. e4 Nf6 3. Nc3 g6 4. h3 Bg7 5. g4 c6 6. a4 e5 7. Bg2 O-O 8. Be3 Nbd7
9. Nge2 h5 10. Ng3 h4 11. Nge2 Nh7 12. f4 Re8 13. Qd2 exf4 14. Nxf4 Ndf6 15.
Nfe2 Be6 16. b3 a6 17. a5 Rc8 18. O-O d5 19. e5 Nd7 20. b4 f6 21. exf6 Ndxf6
22. Nf4 Bf7 23. Nd3 Rc7 24. Ne5 Rce7 25. Qd3 Nd7 26. Nxf7 Rxf7 27. Qxg6 Rxf1+
28. Rxf1 Rxe3 29. Ne4 Ndf8 0-1

[Event "Elit(Eksjo-LASK)"]
[Site "?"]
[Date "2024.01.21"]
[Round "6"]
[White "Malesevic, Nedeljko"]
[Black "Smith, Axel"]
[Result "1/2-1/2"]
[WhiteElo "2219"]
[BlackElo "2421"]
[PlyCount "81"]
[SourceVersionDate "2024.01.28"]

1. d4 Nf6 2. c4 c5 3. d5 b5 4. cxb5 a6 5. b6 e6 6. Nc3 exd5 7. Nxd5 Nxd5 8.
Qxd5 Nc6 9. Nf3 Rb8 10. e4 Be7 11. Bc4 O-O 12. O-O Rxb6 13. Be3 d6 14. Qd2 Bg4
15. Rad1 Qc8 16. Be2 Qe6 17. Ng5 Bxg5 18. Bxg5 Bxe2 19. Qxe2 Qxa2 20. Ra1 Nd4
21. Qd2 Qe6 22. Qd3 f5 23. exf5 Qxf5 24. Qc4+ Qf7 25. Qd3 Qb3 26. Qd2 Qc2 27.
Qe3 h6 28. Bxh6 gxh6 29. Qxh6 Qh7 30. Qg5+ Kh8 31. Ra3 Rb3 32. Rxb3 Nxb3 33.
Qd5 Nd4 34. Qxd6 Rg8 35. Qf6+ Qg7 36. Qh4+ Qh7 37. Qf6+ Rg7 38. Qd8+ Qg8 39.
Qh4+ Qh7 40. Qd8+ Qg8 41. Qh4+ 1/2-1/2

[Event "Elit(Vasteras-Rockaden, Sthlm)"]
[Site "?"]
[Date "2024.01.21"]
[Round "6"]
[White "Norberg, Erik"]
[Black "Sorensen, Hampus"]
[Result "1/2-1/2"]
[WhiteElo "2224"]
[BlackElo "2458"]
[PlyCount "107"]
[EventDate "2024.??.??"]
[SourceVersionDate "2024.01.29"]

1. e4 c5 2. Nf3 d6 3. c3 Nf6 4. Bd3 Nc6 5. Bc2 e5 6. h3 Be7 7. O-O O-O 8. d4
exd4 9. cxd4 cxd4 10. Nxd4 a6 11. Nc3 Re8 12. Be3 Bd7 13. f4 Bf8 14. Qf3 Nb4
15. Bb1 Rc8 16. g4 Bb5 17. Ndxb5 axb5 18. g5 Nd7 19. a3 Nc6 20. Nxb5 Na5 21.
Bd4 Nc4 22. Qd3 Qa5 23. a4 Nd2 24. Rd1 Nxe4 25. Nc3 d5 26. Ba2 Ndc5 27. Qf3 Ne6
28. Be5 Qb6+ 29. Kf1 N6xg5 30. fxg5 Rxe5 31. Nxe4 Rxe4 32. Bxd5 Re7 33. b3 Qg6
34. h4 b6 35. b4 h6 36. gxh6 Qxh6 37. a5 bxa5 38. bxa5 Qa6+ 39. Kg1 Rc5 40. Rf1
Qg6+ 41. Kh1 Rxd5 42. Qxd5 Re4 43. Ra2 Rxh4+ 44. Rh2 Rxh2+ 45. Kxh2 Bd6+ 46.
Kh1 Qh6+ 47. Kg2 Qg6+ 48. Kf3 Qf6+ 49. Ke2 Qb2+ 50. Kd3 Qa3+ 51. Kd4 Qb2+ 52.
Kd3 Qa3+ 53. Ke4 Qb4+ 54. Kd3 1/2-1/2

[Event "Elit(Eksjo-LASK)"]
[Site "?"]
[Date "2024.01.21"]
[Round "6"]
[White "Ahlander, Bjorn"]
[Black "Rajcevski, Dejan"]
[Result "0-1"]
[WhiteElo "2379"]
[BlackElo "2090"]
[PlyCount "190"]
[SourceVersionDate "2024.01.28"]

1. Nf3 d5 2. d4 Nf6 3. c4 c6 4. Nc3 e6 5. Bg5 Be7 6. e3 Nbd7 7. Qc2 b6 8. O-O-O
Bb7 9. Kb1 O-O 10. Bd3 Re8 11. h4 Rc8 12. Ne5 Nf8 13. h5 N6d7 14. Bf4 Nxe5 15.
dxe5 a6 16. Qe2 b5 17. Qg4 Kh8 18. Rh3 f5 19. Qe2 bxc4 20. Bxc4 Qa5 21. Bb3 Bb4
22. Qc2 Bxc3 23. Qxc3 Qxc3 24. bxc3 Nd7 25. g4 Nc5 26. Rh2 fxg4 27. Bc2 a5 28.
Bg5 Rc7 29. h6 g6 30. Bf6+ Kg8 31. Rh4 Ba6 32. Rd2 Rb8+ 33. Kc1 Ne4 34. Rxg4
Nxf6 35. exf6 Kf7 36. Ra4 Kxf6 37. Rxa5 Bc4 38. f4 Rbb7 39. Ra8 Ra7 40. Rf8+
Rf7 41. Rxf7+ Kxf7 42. a4 Kf6 43. Rg2 Rb7 44. Rg5 Bb3 45. Rg1 e5 46. fxe5+ Kxe5
47. Bxb3 Rxb3 48. Kc2 Rb7 49. Kd3 Ra7 50. Ra1 Ra5 51. c4 c5 52. Kc3 dxc4 53.
Kxc4 Ke4 54. Rf1 Rxa4+ 55. Kxc5 Ra5+ 56. Kd6 Rh5 57. Ke6 Rxh6 58. Kf6 Rh5 59.
Ra1 g5 60. Ra4+ Kxe3 61. Kf5 h6 62. Ra3+ Kd4 63. Kg4 Rh4+ 64. Kg3 Re4 65. Ra5
Re5 66. Ra4+ Kd5 67. Ra5+ Ke4 68. Ra6 h5 69. Rh6 g4 70. Rh8 Kd5 71. Kf4 Re4+
72. Kg3 Re3+ 73. Kg2 Rh3 74. Re8 Rf3 75. Rh8 Rf5 76. Kg3 Ke5 77. Rh6 Rf3+ 78.
Kg2 Rh3 79. Ra6 Kf4 80. Ra5 Rg3+ 81. Kh2 Rb3 82. Ra2 Kg5 83. Kg2 Rb5 84. Rc2 h4
85. Ra2 h3+ 86. Kh2 Kh4 87. Ra4 Rb2+ 88. Kg1 Re2 89. Rb4 Kg3 90. Rb3+ Kf4 91.
Rb4+ Re4 92. Rb1 g3 93. Ra1 Kg4 94. Kh1 h2 95. Rf1 Kh3 0-1

[Event "Elit(Vasteras-Rockaden, Sthlm)"]
[Site "?"]
[Date "2024.01.21"]
[Round "6"]
[White "Kenneskog, Theodor"]
[Black "Landgren, Andreas"]
[Result "1/2-1/2"]
[WhiteElo "2364"]
[BlackElo "2228"]
[PlyCount "152"]

1. e4 e5 2. Nf3 Nc6 3. Bb5 Nf6 4. d3 Bc5 5. O-O Nd4 6. Nxd4 Bxd4 7. c3 Bb6 8.
Ba4 O-O 9. Bg5 h6 10. Bh4 d6 11. Nd2 c6 12. Nc4 Bc7 13. Ne3 g6 14. Qf3 Kg7 15.
d4 g5 16. dxe5 dxe5 17. Rad1 Qe7 18. Bg3 g4 19. Nf5+ Bxf5 20. Qxf5 Qe6 21. Qxe6
fxe6 22. Bb3 Rad8 23. Bxe6 Nxe4 24. Bxg4 Nxg3 25. hxg3 Bb6 26. Rxd8 Rxd8 27.
Rd1 Rxd1+ 28. Bxd1 Bd8 29. Kf1 Bg5 30. Ke2 Kf6 31. Kd3 Ke6 32. g4 Bc1 33. Kc2
Bg5 34. Bf3 Kd6 35. g3 Ke6 36. Bg2 Kd6 37. Bh1 Ke6 38. Kd3 Bc1 39. b3 Bg5 40.
c4 Bc1 41. Be4 Kd6 42. Bf5 b6 43. Ke4 Bd2 44. f4 Be1 45. fxe5+ Ke7 46. Bc8 Bxg3
47. Kf5 Bh4 48. Bb7 c5 49. Ba6 Bg3 50. Ke4 Ke6 51. Bc8+ Ke7 52. Kd5 Kd8 53. Ba6
Ke7 54. Bb5 Bf4 55. e6 Bg5 56. Bd7 Kd8 57. Kc6 Be7 58. Kb7 Bg5 59. Bc6 Be7 60.
Bd5 Bf6 61. Kxa7 Kc7 62. Ka6 Be7 63. Kb5 Bf8 64. a3 Be7 65. b4 Bf8 66. bxc5
Bxc5 67. a4 Be3 68. a5 bxa5 69. Kxa5 Kd6 70. Kb5 Bf2 71. c5+ Bxc5 72. e7 Kxe7
73. Kxc5 Kf6 74. Kd4 h5 75. gxh5 Kg7 76. h6+ Kxh6 1/2-1/2

[Event "Elit(Eksjo-LASK)"]
[Site "?"]
[Date "2024.01.21"]
[Round "6"]
[White "Johnson, Bjorn"]
[Black "Nord, Alexander"]
[Result "1/2-1/2"]
[WhiteElo "2194"]
[BlackElo "2209"]
[PlyCount "81"]
[SourceVersionDate "2024.01.28"]

1. b3 g6 2. Bb2 Nf6 3. e3 Bg7 4. d4 d5 5. Bd3 O-O 6. Nd2 b6 7. Qe2 Bb7 8. Ngf3
c5 9. O-O cxd4 10. exd4 Nc6 11. a3 Rc8 12. Rad1 e6 13. Ne5 Ne7 14. Ndf3 Nf5 15.
Nd2 Qe7 16. Rfe1 Nd6 17. a4 Nde4 18. Nb1 Rfd8 19. f3 Nd6 20. Qd2 Qc7 21. Qf4
Nh5 22. Qd2 Nf6 23. Qf4 Nh5 24. Qd2 Nf6 25. g4 Nd7 26. Qe3 Re8 27. Nc3 f6 28.
Nxd7 Qxd7 29. Nb5 a6 30. Nxd6 Qxd6 31. Qe2 Qf4 32. Kg2 Bf8 33. Qe3 Qxe3 34.
Rxe3 Kf7 35. Rde1 Bb4 36. Rf1 Re7 37. f4 f5 38. h3 a5 39. Rf2 Ra8 40. c3 Bd6
41. Bb5 1/2-1/2

[Event "Elit(Vasteras-Rockaden, Sthlm)"]
[Site "?"]
[Date "2024.01.21"]
[Round "6"]
[White "Janse, Love"]
[Black "Wiedenkeller, Michael"]
[Result "0-1"]
[WhiteElo "2206"]
[BlackElo "2421"]
[PlyCount "58"]

1. e4 e5 2. Nc3 Nf6 3. Bc4 Bc5 4. d3 O-O 5. f4 d6 6. Nf3 c6 7. f5 b5 8. Bb3 a5
9. a3 Qb6 10. Ng5 Be3 11. Qf3 Bxc1 12. Rxc1 a4 13. Ba2 b4 14. Nd1 bxa3 15. bxa3
Qc5 16. g4 d5 17. Ra1 Qxc2 18. exd5 cxd5 19. Bxd5 Nxd5 20. Qxd5 Ra7 21. Qc4
Qxc4 22. dxc4 Nc6 23. Ne3 Nd4 24. Kf2 Bb7 25. Rhd1 h6 26. Nh3 Be4 27. Ng1 Rb8
28. Ra2 Rab7 29. Rdd2 Bb1 0-1

[Event "Elit(Orgryte-Wasa)"]
[Site "?"]
[Date "2024.01.21"]
[Round "6"]
[White "Amin, Bassem"]
[Black "Frisk Kockum, Anton"]
[Result "1/2-1/2"]
[WhiteElo "2661"]
[BlackElo "2314"]
[PlyCount "71"]
[EventDate "2024.??.??"]

1. Nf3 g6 2. e4 c5 3. g3 Bg7 4. Bg2 Nc6 5. O-O e5 6. a3 a5 7. a4 Nge7 8. d3 O-O
9. Nc3 d6 10. Nd2 f5 11. Nc4 f4 12. Nb5 Rf6 13. c3 g5 14. Re1 Rh6 15. d4 cxd4
16. cxd4 Nxd4 17. Nxd4 exd4 18. gxf4 gxf4 19. Bxf4 Rg6 20. Bg3 Be6 21. Na3 Bf7
22. Nb5 Nc6 23. f4 Rh6 24. Qd2 Qb6 25. Rac1 Nb4 26. f5 d3+ 27. Kh1 Bb3 28. Rc7
Rh5 29. Rxg7+ Kxg7 30. Qc3+ Kg8 31. Qxb3+ d5 32. exd5 Rxf5 33. d6+ Kf8 34. Qe6
Rf7 35. Re5 Nc6 36. Rf5 1/2-1/2

[Event "Elit(Vaxjo-Limhamn)"]
[Site "?"]
[Date "2024.01.21"]
[Round "6"]
[White "Solodovnichenko, Yuri"]
[Black "Domingo Nunez, Ruben"]
[Result "1-0"]
[WhiteElo "2477"]
[BlackElo "2439"]
[PlyCount "107"]
[SourceVersionDate "2024.01.28"]

1. e4 e6 2. d4 d5 3. Nc3 Bb4 4. e5 c5 5. Bd2 Ne7 6. a3 Bxc3 7. Bxc3 b6 8. h4
Ba6 9. Bxa6 Nxa6 10. h5 Nf5 11. Nf3 cxd4 12. Bd2 Nc5 13. g4 Ne7 14. Nxd4 Qc7
15. Qe2 a6 16. O-O-O Nc6 17. Nxc6 Qxc6 18. h6 gxh6 19. Bxh6 Rg8 20. Kb1 d4 21.
f3 O-O-O 22. Bf4 Rg7 23. Bg3 Kb7 24. Bf2 Qa4 25. b3 Nxb3 26. cxb3 Qxb3+ 27. Qb2
Qxf3 28. Bxd4 b5 29. Rhf1 Qxg4 30. Qb4 Rd7 31. Qc5 Qe4+ 32. Ka1 Qc6 33. Qa7+
Kc8 34. Rc1 Rxa7 35. Rxc6+ Rc7 36. Rxa6 h5 37. Ra8+ Kb7 38. Ra5 Rg4 39. Rxb5+
Ka6 40. Rb6+ Ka5 41. Rb4 Rd7 42. Bc3 Ka6 43. Rh1 Rd3 44. Rxh5 Rxb4 45. Bxb4 Rd5
46. Be7 f5 47. Bd6 Rd2 48. Rh6 Kb5 49. Rxe6 Kc4 50. Kb1 Re2 51. Rf6 Re3 52. Bb4
Kd4 53. Rxf5 Ke4 54. Rh5 1-0

[Event "Elit(Orgryte-Wasa)"]
[Site "?"]
[Date "2024.01.21"]
[Round "6"]
[White "Amar, Elham"]
[Black "Hellers, Ferdinand"]
[Result "1-0"]
[WhiteElo "2555"]
[BlackElo "2591"]
[PlyCount "83"]

1. e4 Nf6 2. e5 Nd5 3. c4 Nb6 4. d4 d6 5. exd6 cxd6 6. Nf3 g6 7. h3 Bg7 8. Nc3
O-O 9. Be2 Nc6 10. O-O Bf5 11. d5 Na5 12. Nd4 Naxc4 13. a4 a5 14. Nxf5 gxf5 15.
Re1 Qd7 16. Bd3 e6 17. Qh5 Ne5 18. Bb5 Qe7 19. Qe2 Rac8 20. dxe6 fxe6 21. f4
Nec4 22. Qxe6+ Qxe6 23. Rxe6 Kf7 24. Re2 d5 25. Nd1 d4 26. Nf2 Rfd8 27. Nd3 Ne3
28. Bd2 Nbc4 29. Bxc4+ Rxc4 30. Bxa5 Ra8 31. b3 Rc6 32. Bd2 Rb6 33. b4 Rc6 34.
a5 b5 35. Rc1 Nc4 36. g4 fxg4 37. hxg4 Rg8 38. Kf2 Bf8 39. g5 h6 40. Re5 Re6
41. Rf5+ Ke7 42. Ne5 1-0

[Event "Elit(Stockholms SS-Kungstornet)"]
[Site "?"]
[Date "2024.01.21"]
[Round "6"]
[White "Lokander, Martin"]
[Black "Aronsson, Marten"]
[Result "1-0"]
[WhiteElo "2452"]
[BlackElo "2286"]
[PlyCount "59"]

1. d4 d5 2. c4 e6 3. Nc3 Nf6 4. cxd5 exd5 5. Bg5 Nbd7 6. e3 c6 7. Bd3 Bd6 8.
Qc2 Nf8 9. Nge2 Ng6 10. f4 h6 11. Bxf6 Qxf6 12. f5 Ne7 13. O-O Ng8 14. e4 dxe4
15. Nxe4 Qe7 16. Rae1 Nf6 17. Nxd6+ Qxd6 18. Nf4+ Kd8 19. Bc4 Re8 20. Rd1 Re4
21. Ne2 Ng4 22. Ng3 Re7 23. Qd3 Ne3 24. Ne4 Rxe4 25. Qxe4 Nxc4 26. d5 Qc5+ 27.
Kh1 Kc7 28. b4 cxd5 29. Rxd5 Qxb4 30. Rb1 1-0

[Event "Elit(Vaxjo-Limhamn)"]
[Site "?"]
[Date "2024.01.21"]
[Round "6"]
[White "Johansson, Linus"]
[Black "Sumets, Andrey"]
[Result "1/2-1/2"]
[WhiteElo "2428"]
[BlackElo "2513"]
[PlyCount "142"]
[SourceVersionDate "2024.01.28"]

1. d4 Nf6 2. c4 e6 3. Nc3 Bb4 4. e3 O-O 5. Bd3 d5 6. Nf3 b6 7. a3 Bd6 8. cxd5
exd5 9. b4 Bb7 10. Qb3 a6 11. Rb1 Nbd7 12. Bd2 b5 13. a4 c6 14. a5 Qe7 15. Na2
Ne4 16. Nc1 f5 17. O-O Rf6 18. g3 Rh6 19. Be1 Rf8 20. Be2 g5 21. Nd3 g4 22.
Nfe5 Bxe5 23. Nxe5 Nxe5 24. dxe5 Qxe5 25. Qb2 Qxb2 26. Rxb2 Re8 27. h4 gxh3 28.
Kh2 Nf6 29. Bc3 Ng4+ 30. Bxg4 fxg4 31. Bd4 Rf8 32. f3 Rh5 33. Rbf2 Rhf5 34. Bc5
R8f6 35. e4 Rxf3 36. Rxf3 Rxf3 37. Rxf3 gxf3 38. Kxh3 Bc8+ 39. Kh2 dxe4 40. Kg1
Kf7 41. Kf2 Ke6 42. Ke3 Kd5 43. Kf2 Be6 44. Ke3 Bf7 45. Kf2 Kc4 46. Ke3 Bd5 47.
Kf2 Kd3 48. Bb6 Bc4 49. Bc5 Kd2 50. Be3+ Kc3 51. Bc5 Bd3 52. Ke3 Bc4 53. Kf2
Bd3 54. Ke3 Kc4 55. Kf2 Kd5 56. Ke3 Ke5 57. Kf2 Kf5 58. Ke3 Kg4 59. Kf2 Bc4 60.
Bd4 Bd5 61. Bc5 h5 62. Bd4 h4 63. gxh4 Kxh4 64. Bc5 Kg4 65. Be3 Bb3 66. Bc5 Kf4
67. Be3+ Ke5 68. Bc5 Kd5 69. Ke3 Kc4 70. Kf2 Kd3 71. Bb6 Bd5 1/2-1/2

[Event "Elit(Orgryte-Wasa)"]
[Site "?"]
[Date "2024.01.21"]
[Round "6"]
[White "Meshkovs, Nikita"]
[Black "Torngren, Gustav"]
[Result "1-0"]
[WhiteElo "2532"]
[BlackElo "2276"]
[PlyCount "67"]

1. Nf3 c5 2. c4 Nf6 3. Nc3 e6 4. d4 cxd4 5. Nxd4 d5 6. cxd5 Nxd5 7. Bd2 Bc5 8.
Nb3 Bb6 9. Nxd5 Qxd5 10. Bc3 Qxd1+ 11. Rxd1 f6 12. g4 e5 13. g5 fxg5 14. Bxe5
O-O 15. e3 Be6 16. Rg1 h6 17. h4 Nc6 18. Bc3 Rad8 19. hxg5 Rxd1+ 20. Kxd1 h5
21. Ke1 a5 22. g6 a4 23. Nd2 Bxa2 24. Rg5 Ne7 25. Bb4 Bd8 26. b3 Rf5 27. Bc4+
Kh8 28. Bxe7 Rxg5 29. Bxg5 Bxg5 30. bxa4 Bxc4 31. Nxc4 Kg8 32. Nd6 b6 33. f4
Be7 34. Nf5 1-0

[Event "Elit(Vaxjo-Limhamn)"]
[Site "?"]
[Date "2024.01.21"]
[Round "6"]
[White "Lindberg, Bengt"]
[Black "Hector, Jonny"]
[Result "1/2-1/2"]
[WhiteElo "2342"]
[BlackElo "2446"]
[PlyCount "46"]
[SourceVersionDate "2024.01.28"]

1. e4 e5 2. Nf3 Nc6 3. Bb5 f5 4. Nc3 fxe4 5. Nxe4 d5 6. Nxe5 dxe4 7. Nxc6 Qg5
8. Qe2 Nf6 9. f4 Qxf4 10. d4 Qd6 11. Ne5+ c6 12. Bc4 Be6 13. c3 Be7 14. O-O O-O
15. Bg5 Rae8 16. Bxf6 Bxf6 17. Bxe6+ Qxe6 18. Qxe4 Bxe5 19. Rxf8+ Kxf8 20. dxe5
Qxe5 21. Rf1+ Kg8 22. Qxe5 Rxe5 23. Rd1 Kf7 1/2-1/2

[Event "Elit(Orgryte-Wasa)"]
[Site "?"]
[Date "2024.01.21"]
[Round "6"]
[White "Olsson, William"]
[Black "Berg, Emanuel"]
[Result "0-1"]
[WhiteElo "2379"]
[BlackElo "2504"]
[PlyCount "88"]

1. c4 Nf6 2. g3 g6 3. Bg2 Bg7 4. Nf3 O-O 5. O-O d6 6. d4 c6 7. Nc3 Nbd7 8. e4
e5 9. h3 Re8 10. Be3 Qa5 11. Re1 exd4 12. Nxd4 Ne5 13. Qb3 Nfd7 14. Nce2 Qa6
15. Rec1 Nc5 16. Qc2 Ncd3 17. Rd1 Nb4 18. Qb1 Nxc4 19. a3 Nd5 20. exd5 Nxe3 21.
fxe3 c5 22. Qd3 Qxd3 23. Rxd3 cxd4 24. Nxd4 Rxe3 25. Rxe3 Bxd4 26. Rae1 Bd7 27.
Kf2 Re8 28. Kf3 Rxe3+ 29. Rxe3 Bxe3 30. Kxe3 Kg7 31. h4 Bg4 32. Bf1 f5 33. Bb5
Kf6 34. Kd4 Bf3 35. Bd7 h6 36. Bc8 b6 37. b4 g5 38. Bd7 Bg2 39. Be6 Kg6 40.
hxg5 Kxg5 41. a4 Kg4 42. a5 Kxg3 43. Bxf5 h5 44. axb6 axb6 0-1

[Event "Elit(Stockholms SS-Kungstornet)"]
[Site "?"]
[Date "2024.01.21"]
[Round "6"]
[White "Westerberg, Jonathan"]
[Black "Henriksson, Johan"]
[Result "1/2-1/2"]
[WhiteElo "2469"]
[BlackElo "2283"]
[PlyCount "67"]

1. Nf3 d5 2. g3 Nf6 3. Bg2 g6 4. d4 Bg7 5. c4 c6 6. cxd5 cxd5 7. Nc3 O-O 8. O-O
Nc6 9. Ne5 e6 10. f4 Nd7 11. e4 dxe4 12. Bxe4 Nf6 13. Nxc6 bxc6 14. Bxc6 Ba6
15. Re1 Rc8 16. Bf3 Qb6 17. Qb3 Qd6 18. Be3 h5 19. Rad1 Ng4 20. Kg2 Nxe3+ 21.
Rxe3 Rb8 22. Qc2 Qb4 23. Rd2 Bxd4 24. Re4 Rfd8 25. Qd1 Qc4 26. Rexd4 Rxd4 27.
Rxd4 Rxb2+ 28. Ne2 Qc3 29. Kf2 Qc5 30. a3 Rc2 31. Kg2 Qc3 32. Kf2 Qc5 33. Kg2
Qc3 34. Kf2 1/2-1/2

[Event "Elit(Vaxjo-Limhamn)"]
[Site "?"]
[Date "2024.01.21"]
[Round "6"]
[White "Lindgren, Philip"]
[Black "Rydstrom, Tom"]
[Result "1-0"]
[WhiteElo "2385"]
[BlackElo "2259"]
[PlyCount "73"]
[SourceVersionDate "2024.01.28"]

1. d4 d5 2. c4 e6 3. Nc3 Be7 4. e4 dxe4 5. Nxe4 Nf6 6. Nc3 O-O 7. Be3 Nbd7 8.
Nf3 c5 9. Be2 a6 10. O-O Qc7 11. h3 cxd4 12. Nxd4 Ne5 13. Qb3 Bd7 14. Rac1 Rac8
15. Na4 Bxa4 16. Qxa4 Rfd8 17. b4 h6 18. Rfd1 Qb8 19. Qb3 Ng6 20. a3 Rd7 21.
Qb1 Qe5 22. Nf3 Rxd1+ 23. Rxd1 Qc7 24. Nd4 Ne5 25. Nb3 Rd8 26. Rxd8+ Qxd8 27.
Qc2 Bd6 28. Qd2 Qe7 29. Na5 Bb8 30. Qd4 Qc7 31. Qb6 Qxb6 32. Bxb6 Ned7 33. c5
Be5 34. Bd8 Bb2 35. Nxb7 Bxa3 36. c6 Bxb4 37. Bxf6 1-0

[Event "Elit(Orgryte-Wasa)"]
[Site "?"]
[Date "2024.01.21"]
[Round "6"]
[White "Cramling, Pia"]
[Black "Arnelind, Mikael"]
[Result "1-0"]
[WhiteElo "2437"]
[BlackElo "2206"]
[PlyCount "129"]

1. Nf3 Nf6 2. c4 e6 3. g3 d5 4. Bg2 Be7 5. d4 O-O 6. O-O c6 7. Qc2 b6 8. Rd1
Bb7 9. Nbd2 Nbd7 10. b3 Rc8 11. e4 dxe4 12. Nxe4 Nxe4 13. Qxe4 Nf6 14. Qc2 Qe8
15. Ne5 Bd6 16. Nd3 Qe7 17. c5 Bb8 18. a4 Rfd8 19. Ba3 Qe8 20. Bb2 Nd5 21. b4
Ba6 22. Qb3 Bxd3 23. Rxd3 Qe7 24. Ba3 bxc5 25. dxc5 Be5 26. Re1 Qc7 27. b5 Rb8
28. Qc4 Bf6 29. bxc6 Qxc6 30. Red1 h6 31. h4 Bb2 32. Bxb2 Rxb2 33. Bxd5 exd5
34. Rxd5 Rxd5 35. Rxd5 Qf6 36. Qd4 Qxd4 37. Rxd4 Rc2 38. Rd8+ Kh7 39. Rd7 a5
40. Rxf7 Rxc5 41. Ra7 Kg6 42. Kg2 Kf6 43. Kf3 Rc3+ 44. Ke2 Rc2+ 45. Ke3 Rc3+
46. Kd2 Rf3 47. Ke2 Rf5 48. Ra6+ Ke7 49. Ke3 Rc5 50. Kd3 Kf7 51. f3 Rd5+ 52.
Ke4 Rc5 53. Kd4 Rf5 54. f4 g5 55. Rxh6 gxf4 56. Ke4 Rc5 57. Kxf4 Rc4+ 58. Kf5
Rxa4 59. Rh7+ Kg8 60. Ra7 Ra1 61. g4 a4 62. Kg6 Kf8 63. h5 a3 64. h6 a2 65. h7
1-0

[Event "Elit(Stockholms SS-Kungstornet)"]
[Site "?"]
[Date "2024.01.21"]
[Round "6"]
[White "Eriksson, Johan"]
[Black "Olund, Joar"]
[Result "1-0"]
[WhiteElo "2383"]
[BlackElo "2362"]
[PlyCount "171"]

1. d4 d5 2. c4 dxc4 3. Nf3 Nf6 4. e3 e6 5. Bxc4 c5 6. O-O a6 7. Bb3 Nc6 8. Nc3
Be7 9. dxc5 Bxc5 10. Qxd8+ Kxd8 11. Bd2 Ke7 12. Rac1 Ba7 13. Rfd1 Rd8 14. Ng5
Bd7 15. Nge4 Nxe4 16. Nxe4 Be8 17. Be1 Rac8 18. Rxd8 Rxd8 19. Nc5 Bxc5 20. Rxc5
f6 21. Rc1 e5 22. a3 Bf7 23. Bc2 Bg6 24. Ba4 Be8 25. Kf1 g5 26. f3 Rd3 27. Bc2
Rd8 28. Bxh7 Bf7 29. Be4 Bd5 30. Bxd5 Rxd5 31. Ke2 f5 32. Bc3 Ke6 33. Rh1 e4
34. fxe4 fxe4 35. h4 gxh4 36. Rxh4 Rg5 37. Kf2 Kd5 38. g4 Rg8 39. Ke2 Ke6 40.
Rh6+ Kd7 41. Rh7+ Ke6 42. Rxb7 Rxg4 43. Rb6 Kd5 44. Rxa6 Rg2+ 45. Kf1 Rg3 46.
Kf2 Rf3+ 47. Ke2 Rh3 48. Ra8 Rh2+ 49. Ke1 Rh1+ 50. Kd2 Rh2+ 51. Kd1 Rh1+ 52.
Kc2 Rh2+ 53. Bd2 Ne5 54. Rd8+ Kc6 55. Kb3 Re2 56. a4 Nd3 57. Kc3 Nc5 58. b3 Ne6
59. Rc8+ Nc7 60. Bc1 Kd7 61. Rh8 Re1 62. Kd2 Rg1 63. Rh7+ Kc6 64. Rh6+ Kc5 65.
Ba3+ Kd5 66. Kc3 Rg3 67. Rh5+ Kc6 68. Kd4 Rg1 69. Rc5+ Kb6 70. Rc1 Rg4 71. Bc5+
Kb7 72. b4 Ne6+ 73. Kd5 Nc7+ 74. Kc4 Rg2 75. Kd4 Rg4 76. Rh1 Rg7 77. Kxe4 Ne6
78. Kd5 Nd8 79. Bd4 Rg5+ 80. Kc4 Nc6 81. Rh7+ Kc8 82. b5 Nd8 83. Rh8 Rg6 84. a5
Rg1 85. Bb6 Kb7 86. Bxd8 1-0

[Event "Elit(Rockaden, Sthlm-Stockholms SS)"]
[Site "?"]
[Date "2024.01.20"]
[Round "5"]
[White "Seo, Jung Min"]
[Black "Ertan, Can"]
[Result "0-1"]
[WhiteElo "2481"]
[BlackElo "2358"]
[PlyCount "146"]

1. e4 e5 2. Nf3 Nc6 3. Bb5 a6 4. Ba4 Nf6 5. Nc3 Bc5 6. d3 d6 7. Bxc6+ bxc6 8.
h3 O-O 9. O-O Re8 10. Re1 Rb8 11. a3 Bd7 12. b3 Bb6 13. Be3 c5 14. Ne2 c6 15.
Ng3 h6 16. Nh2 Kh7 17. Kh1 d5 18. Qf3 Be6 19. Red1 g6 20. Qe2 Qe7 21. f4 dxe4
22. dxe4 exf4 23. Bxf4 Bc7 24. Qf3 c4 25. b4 Kg7 26. Rf1 Bxf4 27. Qxf4 c5 28.
Nf3 c3 29. bxc5 Rbc8 30. Rab1 Bc4 31. Nd4 Rxc5 32. Rfe1 Qe5 33. Ndf5+ gxf5 34.
Nxf5+ Kg8 35. Qxh6 Nh7 36. Rb6 Be6 37. Rf1 Rb5 38. Rxa6 Bxf5 39. exf5 Qe3 40.
Qh4 Rbe5 41. Ra4 Re4 42. Rxe4 Rxe4 43. Qd8+ Re8 44. Qh4 Ng5 45. f6 Re4 46. Qh6
Ne6 47. Qh5 Qg3 48. Qf3 Qe5 49. Rd1 Kh7 50. Ra1 Nf4 51. Qg3 Qxf6 52. a4 Ne2 53.
Qd3 Qe5 54. a5 Nf4 55. Qf3 Re3 56. Qg4 Qe4 57. Qh4+ Kg7 58. Qg5+ Ng6 59. Kh2 f6
60. Qb5 Re2 61. Qd7+ Kh6 62. Qg4 Qe5+ 63. Qg3 Nf4 64. Qh4+ Nh5+ 65. Kh1 Qd5 66.
Qg4 Re3 67. Qc8 Rg3 68. Rg1 Rg8 69. Qxc3 Ng3+ 70. Kh2 Qd6 71. Qe3+ Rg5 72. Qd3
Nf1+ 73. Kh1 Qh2# 0-1

[Event "Elit(Vaxjo-LASK)"]
[Site "?"]
[Date "2024.01.20"]
[Round "5"]
[White "Arman, Deniz"]
[Black "Ahlander, Bjorn"]
[Result "1-0"]
[WhiteElo "2305"]
[BlackElo "2379"]
[PlyCount "151"]
[SourceVersionDate "2024.01.28"]

1. e4 c5 2. Nf3 d6 3. d4 cxd4 4. Nxd4 Nf6 5. Nc3 a6 6. Bg5 e6 7. f4 Be7 8. Qf3
Qc7 9. O-O-O Nbd7 10. Be2 O-O 11. Qg3 b5 12. e5 dxe5 13. fxe5 Nxe5 14. Rhf1 b4
15. Bh6 Ne8 16. Bf4 bxc3 17. Bxe5 Bd6 18. Bxd6 Nxd6 19. Qxc3 Qxc3 20. bxc3 Ne4
21. Bf3 Bb7 22. Rfe1 Nc5 23. Bxb7 Nxb7 24. Nc6 g6 25. Rd7 Nc5 26. Rc7 Kg7 27.
Re5 Na4 28. Nd4 Kf6 29. Ra5 Nb6 30. Rc6 Rfb8 31. c4 Rb7 32. Nb3 Nd7 33. Raxa6
Rxa6 34. Rxa6 Rc7 35. Nd2 Ke5 36. c3 Nc5 37. Ra8 Kf4 38. Nb3 Ne4 39. c5 Nxc3
40. Kb2 Ne4 41. Ra4 Ke3 42. Rc4 Rc6 43. a4 f5 44. Ka3 e5 45. a5 g5 46. Kb4 g4
47. Rc1 Kd3 48. Rd1+ Kc2 49. Ra1 Rc8 50. a6 f4 51. Ra2+ Kd1 52. Kc4 Nd6+ 53.
Kd5 Nb5 54. Kxe5 f3 55. gxf3 gxf3 56. Kf4 Rf8+ 57. Ke3 Nc3 58. Ra1+ Kc2 59.
Nd4+ Kb2 60. Rf1 Nd5+ 61. Ke4 Nc3+ 62. Kd3 Na4 63. Kc4 f2 64. a7 Rc8 65. Rxf2+
Kc1 66. Nb3+ Kb1 67. Kb4 Nb2 68. Rxb2+ Kxb2 69. Nd4 Rd8 70. Nb5 Ra8 71. c6 Kc2
72. c7 Kd3 73. Kc5 h5 74. h4 Ke3 75. Kb6 Kf4 76. Kb7 1-0